000 00323nam a22001337a 4500
020 _a978-93-5187-269-6
082 _a9869
_b425
100 _aBALASUBRAMANIAN, JAYASRI
245 _aA HAND BOOK ON ENGLISH GRAMMAR & COMPREHENSION
260 _bUNIQUE PUBLISHERS
300 _a247
650 _aENGLISH GRAMMAR
942 _cBK
999 _c3755
_d3755